The lower Cretaceous Gryphæas of the Texas region, (Record no. 24270)

MARC details
000 -LEADER
fixed length control field 00863cam a22002651 4500
001 - CONTROL NUMBER
control field gs 05000712
003 - CONTROL NUMBER IDENTIFIER
control field DLC
005 - DATE AND TIME OF LATEST TRANSACTION
control field 20260227111301.0
008 - FIXED-LENGTH DATA ELEMENTS--GENERAL INFORMATION
fixed length control field 751112s1898 txuf f000 0 eng
010 ## - LIBRARY OF CONGRESS CONTROL NUMBER
LC control number gs 05000712
035 ## - SYSTEM CONTROL NUMBER
System control number (OCoLC)1827049
040 ## - CATALOGING SOURCE
Original cataloging agency DLC
Transcribing agency TxArU
Modifying agency DLC
042 ## - AUTHENTICATION CODE
Authentication code premarc
043 ## - GEOGRAPHIC AREA CODE
Geographic area code n-us-tx
050 00 - LIBRARY OF CONGRESS CALL NUMBER
Classification number QE75
Item number .B9 no. 151
100 1# - MAIN ENTRY--PERSONAL NAME
Personal name Hill, Robert Thomas,
Dates associated with a name 1858-1941.
245 14 - TITLE STATEMENT
Title The lower Cretaceous Gryphæas of the Texas region,
Statement of responsibility, etc. by Robert Thomas Hill and Thomas Wayland Vaughan.
260 ## - PUBLICATION, DISTRIBUTION, ETC.
Place of publication, distribution, etc. Washington,
Name of publisher, distributor, etc. Govt. Print. Off.,
Date of publication, distribution, etc. 1898.
300 ## - PHYSICAL DESCRIPTION
Extent 139, ix p.
Other physical details xxxv pl., diagrs.
Dimensions 24 cm.
410 20 - SERIES STATEMENT/ADDED ENTRY--CORPORATE NAME [OBSOLETE, CAN/MARC], [LOCAL, USA]
Corporate name or jurisdiction name as entry element Geological Survey (U.S.).
Title of a work Bulletin
Volume number/sequential designation no. 151
650 #0 - SUBJECT ADDED ENTRY--TOPICAL TERM
Topical term or geographic name entry element Gryphæa.
650 #0 - SUBJECT ADDED ENTRY--TOPICAL TERM
Topical term or geographic name entry element Paleontology
Geographic subdivision Texas.
650 #0 - SUBJECT ADDED ENTRY--TOPICAL TERM
Topical term or geographic name entry element Paleontology
Chronological subdivision Cretaceous.
700 1# - ADDED ENTRY--PERSONAL NAME
Personal name Vaughan, Thomas Wayland,
Dates associated with a name 1870-1952,
Relator term joint author.

No items available.

Powered by Koha